| 000 | 00620nam a2200193 i 4500 | ||
|---|---|---|---|
| 001 | 21862 | ||
| 003 | ES-MaACL | ||
| 005 | 20251222213656.0 | ||
| 007 | t| | ||
| 008 | 021128s1969 sp ||||1| spa d | ||
| 100 | 1 |
_aAlcolea Gil, Santiago, _d1919-2008 _9145493 |
|
| 245 | 1 | 0 |
_aEscultura española / _cSantiago Alcolea Gil. |
| 260 |
_aBarcelona : _bPolígrafa, _c[1969] |
||
| 300 |
_a321 p., 40 lám. n. y col. ; _c23 cm. |
||
| 500 | _aEdición en español, francés, inglés y alemán. | ||
| 650 | 7 |
_aEscultura española _2embne _9163150 |
|
| 852 |
_aES-MaACL _jC-39086 _bR.79717 |
||
| 999 |
_c21862 _d21862 |
||